Lluvia / (Registro nro. 13163)
[ vista simple ]
| 000 -LIDER | |
|---|---|
| fixed length control field | 00548nam a22001697a 4500 |
| 003 - IDENTIFICACDOR DE NÚMERO DE CONTROL | |
| control field | DO-SdBNP |
| 005 - DATE AND TIME OF LATEST TRANSACTION | |
| control field | 20171128113711.0 |
| 008 - ELEMENTOS DE LONGITUD FIJA | |
| fixed length control field | 171128b sp1981u||||| |||| 00| 0 spa d |
| 040 ## - FUENTE DE CATALOGACIÓN | |
| Agencia que crea de manera original el registro | BMPSU |
| Idioma de catalogación | spa |
| Agencia que realiza la transcripción | BMPSU |
| 245 00 - MENCIÓN DE TITULO | |
| Título | Lluvia / |
| Mención de responsabilidad | compiladores Peter Usborne, Su Swallow ; ilustrados por Gordon Davies |
| 260 ## - PUBLICACIÓN, DISTRIBUCIÓN, ETC. (PIE DE IMPRENTA) | |
| Lugar de publicación, distribución, etc | Barcelona: |
| Nombre del editor, distribuidor, etc. | Molino |
| Fecha de publicación, distribución, etc | 1981 |
| 300 ## - DESCRIPCIÓN FÍSICA | |
| Extensión | 24p. |
| Otros detalles físicos | il. ; |
| Dimensiones | 21 cm. |
| 490 1# - MENCIÓN DE SERIES | |
| Mención de serie | Biblioteca Educativa Infantil Molino ; |
| Volume/sequential designation | 1 |
| 830 0# - ASIENTO SECUNDARIO DE SERIE--TÍTULO UNIFORME | |
| Título uniforme | Biblioteca Educativa Infantil Molino ; |
| Volume number/sequential designation | 1 |
| 942 ## - ADDED ENTRY ELEMENTS (KOHA) | |
| Source of classification or shelving scheme | Dewey Decimal Classification |
| Koha item type | Libros |
| 945 ## - INFORMACIÓN DE PROCESAMIENTO LOCAL | |
| Información de procesamiento local | Inventariado, 2017/MFF |
| Withdrawn status | Lost status | Source of classification or shelving scheme | Damaged status | Not for loan | Collection code | Home library | Current library | Date acquired | Total Checkouts | Barcode | Date last seen | Price effective from | Koha item type |
|---|---|---|---|---|---|---|---|---|---|---|---|---|---|
| Dewey Decimal Classification | Colección Infantil General | Biblioteca Pública Metropolitana Salomé Ureña | Biblioteca Pública Metropolitana Salomé Ureña | 11/28/2017 | BPMSU17110491 | 11/28/2017 | 11/28/2017 | Libros |